000 00449cam a22001457a 4500
008 180718b1993 xxu||||| |||| 00| 0 eng d
020 _a0631185216
082 _aT47 In8/93
100 _aCacheux, Jacques Le
245 _aSaving in Western Europe
260 _aOxford
_bBlackwell
_c1993
300 _ap.178-208
500 _a[In] World savings: an international survey, edited by Arnold Heertje
650 _aSavings and Investment - Europe, Western
999 _c362758
_d362758